Top Agro '96
Z obsahu: V agrokomplexe pribudli vlani ziskové subjekty, čo potvrdila aj súťaž Top Agro '96. Poľnohospodárske obchodné spoločnosti potvrdzujú životaschopnosť. Súkromníci majú ťažkú východiskovú pozíciu. Slovenské družstvá so starou tradíciou sa museli vyrovnať so starými problémami. Potravinárstvo...
Salvato in:
| Natura: | Capitolo di libro |
|---|---|
| Lingua: | slovacco |
| Soggetti: | |
| Tags: |
Nessun Tag, puoi essere il primo ad aggiungerne!!
|
MARC
| LEADER | 00000naa a2200000 4500 | ||
|---|---|---|---|
| 001 | r027765 | ||
| 005 | 20230921081025.6 | ||
| 041 | 0 | |a slo | |
| 044 | |a SK | ||
| 245 | 1 | 0 | |a Top Agro '96 |
| 520 | |a Z obsahu: V agrokomplexe pribudli vlani ziskové subjekty, čo potvrdila aj súťaž Top Agro '96. Poľnohospodárske obchodné spoločnosti potvrdzujú životaschopnosť. Súkromníci majú ťažkú východiskovú pozíciu. Slovenské družstvá so starou tradíciou sa museli vyrovnať so starými problémami. Potravinárstvo má nadbytok kapacít, najlepšie firmy sa už kryštalizujú. | ||
| 610 | 2 | 0 | |a agrokomplex |
| 610 | 2 | 0 | |a poľnohospodárstvo |
| 610 | 2 | 0 | |a spoločnosti obchodné |
| 610 | 2 | 0 | |a zisk |
| 610 | 2 | 0 | |a roľníci jednotlivo hospodáriaci |
| 610 | 2 | 0 | |a družstvá poľnohospodárske |
| 610 | 2 | 0 | |a potravinárstvo |
| 610 | 2 | 0 | |a hospodárenie podnikové |
| 610 | 2 | 0 | |a Slovensko |